Image compression using modified set partitioning in hierarchical Trees Algorithms Reducing Memory Space (Record no. 128087)
[ view plain ]
| 000 -LEADER | |
|---|---|
| fixed length control field | 00694 a2200181 4500 |
| 003 - CONTROL NUMBER IDENTIFIER | |
| control field | NUST |
| 005 - DATE AND TIME OF LATEST TRANSACTION | |
| control field | 20170116221727.0 |
| 040 ## - CATALOGING SOURCE | |
| Transcribing agency | NUST |
| 082 ## - DEWEY DECIMAL CLASSIFICATION NUMBER | |
| Classification number | 621.382 |
| 100 ## - MAIN ENTRY--PERSONAL NAME | |
| Personal name | Rehman,Maria (MSEE-18) |
| 245 ## - TITLE STATEMENT | |
| Title | Image compression using modified set partitioning in hierarchical Trees Algorithms Reducing Memory Space |
| Statement of responsibility, etc. | Maria Rehman |
| 260 ## - PUBLICATION, DISTRIBUTION, ETC. | |
| Place of publication, distribution, etc. | Rawalpindi |
| Name of publisher, distributor, etc. | MCS (NUST) |
| Date of publication, distribution, etc. | Dec 2014 |
| 300 ## - PHYSICAL DESCRIPTION | |
| Extent | vi,77,p.; |
| 505 ## - FORMATTED CONTENTS NOTE | |
| Formatted contents note | Introduction (Page-01),Wavelets Anlysis (Page-06),Embedded Zerotree Wavelets Transform (EZWT) (Page-250, MSPIHT (Page-34), Result and Simulations (Page-54), Conclusion an d future work(Page-71), |
| 538 ## - SYSTEM DETAILS NOTE | |
| System details note | Almirah No. 69 Shelf No. 3 |
| 650 ## - SUBJECT ADDED ENTRY--TOPICAL TERM | |
| Topical term or geographic name entry element | PG Thesis |
| 651 ## - SUBJECT ADDED ENTRY--GEOGRAPHIC NAME | |
| Geographic name | MSEE-18 |
| 942 ## - ADDED ENTRY ELEMENTS (KOHA) | |
| Koha item type | |
| Withdrawn status | Lost status | Source of classification or shelving scheme | Damaged status | Not for loan | Permanent Location | Current Location | Date acquired | Total Checkouts | Full call number | Barcode | Date last seen | Price effective from | Koha item type |
|---|---|---|---|---|---|---|---|---|---|---|---|---|---|
| Central Library (CL) | Central Library (CL) | 11/12/2020 | 621.3 | CL-T-1083 | 11/12/2020 | 11/12/2020 |
